Normal view
MARC view
- Semiconductors
Entry Topical Term
001 - CONTROL NUMBER
- control field: 27733
003 - CONTROL NUMBER IDENTIFIER
- control field: IN-BhIIT
005 - DATE AND TIME OF LATEST TRANSACTION
- control field: 20260427173954.0
008 - FIXED-LENGTH DATA ELEMENTS
- fixed length control field: 260427|| aca||aabn | a|a d
040 ## - CATALOGING SOURCE
- Original cataloging agency: IN-BhIIT
- Transcribing agency: IN-BhIIT
150 ## - HEADING--TOPICAL TERM
- Topical term or geographic name entry element: Semiconductors
670 ## - SOURCE DATA FOUND
- Source citation: Work cat.: (IN-BhIIT)14927: Bhattacharya, Pallab. Author 16078, Semiconductor optoelectronic devices /, 2024.